Týrání, zneužívání, špatné zacházení a podrývání důstojnosti lidí vyššího věku (EAN) v pobytových sociálních službách
Fenomén zneužívania, týrania a porušovania dôstojnosti starších ľudí (EAN) v rezidenčných sociálnych službách pre starších ľudí v Českej republike. Analyzuje výskyt rôznych typov EAN v domovoch dôchodcov a zariadeniach špecializovanej starostlivosti. Zlyhania v rôznych typoch správania v rezidenčný...
Guardado en:
| Autor principal: | |
|---|---|
| Otros Autores: | , |
| Formato: | Capítulo de libro |
| Lenguaje: | checo |
| Materias: | |
| Etiquetas: |
Sin Etiquetas, Sea el primero en etiquetar este registro!
|
MARC
| LEADER | 00000naa a2200000 4500 | ||
|---|---|---|---|
| 001 | 0312691 | ||
| 005 | 20251008102146.5 | ||
| 041 | 0 | |a cze | |
| 044 | |a CZ | ||
| 245 | 1 | 0 | |a Týrání, zneužívání, špatné zacházení a podrývání důstojnosti lidí vyššího věku (EAN) v pobytových sociálních službách |c Marcela Petrová Kafková, Lucie Vidovičová ; aut. Olga Nešporová |
| 520 | |a Fenomén zneužívania, týrania a porušovania dôstojnosti starších ľudí (EAN) v rezidenčných sociálnych službách pre starších ľudí v Českej republike. Analyzuje výskyt rôznych typov EAN v domovoch dôchodcov a zariadeniach špecializovanej starostlivosti. Zlyhania v rôznych typoch správania v rezidenčných službách naznačuje, že na jeho prevenciu nestačí riešiť jednotlivé prípady ako individuálne zlyhania, ale skôr hľadať vhodné postupy riadenia pre systematickejšie riešenie a komplexnejšie pochopenie rozsahu a hĺbky tohto problému. | ||
| 610 | 2 | 0 | |a služby starostlivosti sociálnej |
| 610 | 2 | 0 | |a seniori |
| 610 | 2 | 0 | |a správanie sociálne |
| 610 | 2 | 0 | |a prejavy |
| 610 | 2 | 0 | |a násilie domáce |
| 610 | 2 | 0 | |a prevencia sociálna |
| 610 | 2 | 0 | |a práca sociálna |
| 100 | 1 | |a Petrová Kafková, Marcela | |
| 700 | 1 | |a Vidovičová, Lucie | |
| 700 | 1 | |a Nešporová, Olga | |